000 00702nam a2200193Ia 4500
003 GCL
005 20240530095420.0
008 140319s9999 xx 000 0 ara d
040 _aGCL /
_cGCL
082 0 4 _a811.022
_bح م
100 1 _aحسن بن فهد الهويمل
245 1 0 _aالملك عبدالعزيز فى عيون شعراء صحيفة ام القرى /
_cحسن بن فهد الهويمل
260 _aالرياض :
_bدارة الملك عبد العزيز
300 _a513 ص ؛
_c24 سم
650 0 4 _aالشعر العربى - دواوين وقصائد
650 0 4 _aالشعر العربى - السعودية
650 0 4 _aالملك عبدالعزيز
942 _2ddc
_cBK
999 _c7036
_d7036